| 000 | 00364 a2200169 4500 | ||
|---|---|---|---|
| 001 | 71169 | ||
| 020 | _a8516005062 | ||
| 040 | _cAnchieta - Colégio São Paulo | ||
| 100 | _aBelinky, Tatiana | ||
| 240 | 1 | 0 |
_aTatu na casca _lpor |
| 245 | 1 | 0 | _aTatu na casca |
| 300 | _a23 | ||
| 362 | 0 | _a1991 | |
| 440 | 1 | _aModerna | |
| 650 | 4 | _aLiteratura infantil | |
| 942 | _cBK | ||
| 999 |
_c71169 _d71169 |
||